000 00259nam a22001217a 4500
008 180905b xxu||||| |||| 00| 0 eng d
041 _aeng
080 _a574
100 _a9
101 _aMje
245 _aWestern Water Resources
_cJam,M
942 _2udc
_cBK
999 _c47556
_d47556